| 000 | 00396cam a2200169ua 4500 | ||
|---|---|---|---|
| 020 | _c270.00 | ||
| 041 |
_aeng _h |
||
| 082 |
_a004.6 _bGOK/MU |
||
| 100 | _aGokul, S . | ||
| 245 |
_aMultimedia magic / _cS.Gokul. _hTextual Documents |
||
| 260 |
_aNew Delhi : _bB P B Publishers , _c1998. |
||
| 300 | _a300 ; . | ||
| 365 | _a270.00 | ||
| 504 | _a | ||
| 942 | _cBK | ||
| 999 |
_c9780 _d9780 |
||